| 000 | 00520nam a22001457a 4500 | ||
|---|---|---|---|
| 082 | _a621.3 | ||
| 100 | _aEjaz, Tahir | ||
| 245 |
_aOptimization of split-ring and split-ball resonators for eggective permittivity and volume fraction extraction / _cTahir Ejaz. |
||
| 260 |
_aIslamabad: _bCEME - NUST, _c2017. |
||
| 300 |
_a138 p. _c30cm. |
||
| 650 |
_aElectrical Engineering - MS Theses. _926977 |
||
| 700 |
_aSup: Dr. Hamood Ur Rahman _934887 |
||
| 942 |
_2ddc _cTHE |
||
| 999 |
_c540722 _d540722 |
||